=LDR 00000nam 2200000 4500 =001 INLIS000000000049845 =005 20200625083859 =035 ##$$a 0010-041700000000035 =008 200625###########################0###### =020 ##$$a 978 - 979 - 709 - 17856 - 7 =040 ##$$a NBPDMAT =082 ##$$a 398.359 865 1 =090 ##$$a 398.359 865 1 =100 ##$$a Nurwahidah =245 1#$$a Cerita Rakyat Sasak Asal mula terjadinya Kampung Pancuran =260 ##$$a Mataram :$b Pemeintah kota Mataram,$c 2014 =300 ##$$a vi, 101 hlm. ; ilus. : $b ilus ; $c 21 cm =650 #4$$a Cerita Rakyat Sasak =700 #$$a Mukhlis Muma =084 ##$$a 398.359 865 1 Nur c =990 ##$$a 231/46/2017 =990 ##$$a 231/46/2017 =990 ##$$a 231/46/2017 =990 ##$$a 231/46/2017 =990 ##$$a 21604634 =990 ##$$a 231/46/2017 =990 ##$$a 231/46/2017 =990 ##$$a 231/46/2017 =990 ##$$a 231/46/2017 =990 ##$$a 231/46/2017 =990 ##$$a 231/46/2017 =990 ##$$a 231/46/2017